50 Biggest cities in Africa on a Map - Statistics

General Stats
  • This quiz has been taken 3,547 times
  • The average score is 39 of 50
Answers on the Map
Answers color-coded by a green-red scale on the quiz's map according to % correct below.
 
Answer Stats
Population City % Correct
20,5 M Cairo
100%
4,18 M Cape Town
98%
18,8 M Lagos
98%
5,7 M Alexandria
97%
3,9 M Algiers
97%
13,7 M Johannesburg
97%
2,63 M Tunis
97%
3,73 M Addis Ababa
96%
12,0 M Kinshasa
96%
5,95 M Nairobi
96%
4,43 M Casablanca
94%
3,6 M Dakar
94%
7,9 M Luanda
94%
2,03 M Rabat
94%
6,15 M Khartoum
93%
6,15 M Dar es Salaam
92%
4,95 M Accra
91%
1,89 M Mogadishu
91%
3,38 M Abuja
88%
2,45 M Antananarivo
87%
3,4 M Kampala
87%
2,18 M Brazzaville
86%
1,72 M Freetown
85%
2,05 M Harare
85%
3,38 M Bamako
83%
2,58 M Lusaka
83%
5,45 M Abidjan
82%
3,38 M Durban
82%
3,3 M Yaoundé
81%
1,53 M Monrovia
80%
2,88 M Maputo
79%
1,26 M Niamey
78%
2,53 M Ouagadougou
78%
2,45 M Conakry
76%
1,25 M Fes
74%
4,55 M Kano
73%
2,03 M Lomé
73%
1,22 M Nouakchott
73%
1,24 M Mombasa
69%
1,33 M Port Elizabeth
66%
1,45 M Oran
57%
3,25 M Douala
55%
3,48 M Ibadan
54%
1,61 M Benin City
47%
2,23 M Port Harcourt
46%
1,77 M Cotonou
44%
2,13 M Lubumbashi
41%
2,95 M Kumasi
39%
2,0 M Mbuji-Mayi
27%
1,83 M Kaduna
19%
No matching quizzes found
Score Distribution
Percent of People with Each Score
Percentile by Number Answered
Your Score History
You have not taken this quiz